ARRUPE JESUIT UNIVERSITY

CORONAVIRUS -STOP THE SPREAD - CLEAN,DISINFECT,COVER

Quranic studies : (Record no. 118790)

MARC details
000 -LEADER
fixed length control field 01274cam a22002894a 4500
001 - CONTROL NUMBER
control field 13552957
003 - CONTROL NUMBER IDENTIFIER
control field ARRUPE
005 - DATE AND TIME OF LATEST TRANSACTION
control field 20131127141153.0
008 - FIXED-LENGTH DATA ELEMENTS--GENERAL INFORMATION
fixed length control field 040409r20041977nyu b 001 0 eng
010 ## - LIBRARY OF CONGRESS CONTROL NUMBER
LC control number 2004040088
020 ## - INTERNATIONAL STANDARD BOOK NUMBER
International Standard Book Number 1591022010 (alk. paper)
040 ## - CATALOGING SOURCE
Original cataloging agency DLC
Transcribing agency DLC
Modifying agency DLC
042 ## - AUTHENTICATION CODE
Authentication code pcc
050 00 - LIBRARY OF CONGRESS CALL NUMBER
Classification number BP130.45
Item number .W36 2004
300 ## - PHYSICAL DESCRIPTION
Dimensions 24 cm.
100 1# - MAIN ENTRY--PERSONAL NAME
Personal name Wansbrough, John E.
9 (RLIN) 4246
245 10 - TITLE STATEMENT
Title Quranic studies :
Remainder of title sources and methods of scriptural interpretation /
Statement of responsibility, etc John Wansbrough ; foreword, translations, and expanded notes by Andrew Rippin.
260 ## - PUBLICATION, DISTRIBUTION, ETC. (IMPRINT)
Place of publication, distribution, etc Amherst, N.Y. :
Name of publisher, distributor, etc Prometheus Books,
Date of publication, distribution, etc 2004.
300 ## - PHYSICAL DESCRIPTION
Extent xli, 316 p. ;
500 ## - GENERAL NOTE
General note Originally published: Oxford : Oxford University Press, 1977, in series: London oriental series.
504 ## - BIBLIOGRAPHY, ETC. NOTE
Bibliography, etc Includes bibliographical references (p. [xxvii]-xli) and indexes.
630 00 - SUBJECT ADDED ENTRY--UNIFORM TITLE
Uniform title Qurʼan
General subdivision Criticism, interpretation, etc.
-- History.
9 (RLIN) 4247
650 #0 - SUBJECT ADDED ENTRY--TOPICAL TERM
Topical term or geographic name as entry element Arabic language
General subdivision History.
9 (RLIN) 4248
700 1# - ADDED ENTRY--PERSONAL NAME
Personal name Rippin, Andrew,
Dates associated with a name 1950-
9 (RLIN) 4249
906 ## - LOCAL DATA ELEMENT F, LDF (RLIN)
a 7
b cbc
c orignew
d 1
e ocip
f 20
g y-gencatlg
942 ## - ADDED ENTRY ELEMENTS (KOHA)
Source of classification or shelving scheme Library of Congress Classification
Koha item type Monograph ( Printed materials)
Holdings
Withdrawn status Lost status Source of classification or shelving scheme Damaged status Not for loan Home library Current library Shelving location Date acquired Total Checkouts Full call number Barcode Date last seen Price effective from Koha item type
    Library of Congress Classification     ARRUPE LIBRARY ARRUPE LIBRARY Main Collection 27/11/2013   BP130.45 .W36 2004 46410171 15/11/2016 27/11/2013 Monograph ( Printed materials)

 

Arrupe Library. PO Box MP320 Mt Pleasant, Harare, Zimbabwe
263 242 745411|librarian@aju.ac.zw